LDR 00696naa#a2200193#i#450# 001 EN\\bibl\116361 005 20260702072140.4 011 ## _a1813-4327 100 ## _a20240930b2024####ek#y0engy0150####ca 102 ## _aRU 200 1# _aFEATURES OF THE RESEARCH OF EXPLOSIONS OF FUEL-AIR MIXTURES FORMED BY COMBUSTIBLE DUST _eJournal article 210 1# _aVolgograd _cVolgograd Academy of the Ministry of Internal Affairs of Russia _d2024 215 ## _a13 с. 608 ## _aJournal article _2local 675 ## _aСудебная баллистика. 343.983.22 _z 700 #1 _aGeraskin _gMikhail Yuryevich 700 #1 _aDASHKO _gLEONID VASILIEVICH 700 #1 _aShekov _gAnatoliy Aleksandrovich 856 4# _ava-mvd.editorum.ru _u